|
|
|
|
| LEADER |
00860nab a2200241 i 4500 |
| 001 |
publ6216 |
| 005 |
20180827091856.0 |
| 008 |
160206s2015 hu o 0|| zxx d |
| 022 |
|
|
|a 1871-5273
|
| 024 |
7 |
|
|a 10.2174/1871527314666150429114234
|2 doi
|
| 024 |
7 |
|
|a 2900455
|2 mtmt
|
| 040 |
|
|
|a SZTE Publicatio Repozitórium
|b hun
|
| 041 |
|
|
|a zxx
|
| 100 |
1 |
|
|a Tajti János
|
| 245 |
1 |
0 |
|a Role of pituitary adenylate cyclase-activating polypeptide in nociception and migraine
|h [elektronikus dokumentum] /
|c Tajti János
|
| 260 |
|
|
|c 2015
|
| 300 |
|
|
|a 540-553
|
| 490 |
0 |
|
|a CNS AND NEUROLOGICAL DISORDERS-DRUG TARGETS
|v 14 No. 4
|
| 700 |
0 |
1 |
|a Tuka Bernadett
|e aut
|
| 700 |
0 |
1 |
|a Botz Bálint
|e aut
|
| 700 |
0 |
1 |
|a Helyes Zsuzsanna
|e aut
|
| 700 |
0 |
1 |
|a Vécsei László
|e aut
|
| 856 |
4 |
0 |
|u http://publicatio.bibl.u-szeged.hu/6216/1/TJ.%20Role%20of%20Pituitary.pdf
|z Dokumentum-elérés
|